ワリオカンパニー社員&ワリオファミリー - Statistics

General Stats
  • This quiz has been taken 38 times
  • The average score is 13 of 22
Answer Stats
初出作品 キャラ名 % Correct
初代 ワリオ
97%
さわる アシュリー
90%
初代 モナ
84%
初代 カット
77%
初代 アナ
77%
初代 ナインボルト
71%
まわる エイティーンボルト
71%
初代 Dr.クライゴア
68%
初代 オービュロン
65%
まわる ファイブワット
61%
さわる マイク
58%
初代 スピッツ
55%
さわる レッド
55%
初代 ジミー・T.
55%
初代 ドリブル
52%
おどる ペニー
52%
おどる ヤングクリケット
48%
ゴージャス ルールー
35%
おどる マスターマンティス
32%
初代 しゃぎぃ
29%
おどる ジミー・P.
29%
ゴージャス サーティーンアンプ
13%
No matching quizzes found
Score Distribution
Percent of People with Each Score
Percentile by Number Answered
Your Score History
You have not taken this quiz